000
00200 a2200109 4500
020
_a
9788434211933
041
_a
spa
100
_a
M. Brigt
245
_a
La Capa de Ozono
942
_c
BK
952
_7
4
999
_c
16899
_d
16899